00341nam a2200133Ia 4500008004100000041000800041082001700049100001600066245002300082260003900105300001800144650002200162650002300184210719s1878 xx 000 0 und d aeng a822.33D FLES aFLEAY (F G) aShakespeare manual aLondonbMacmillan & Co. Ltd.c1878 axxiii,312bHB aEnglish Criticism aEnglish Literature